00476 2200193 4500001002100000005001500021008004100036020001800077035001900095041000700114082000800121090001400129100001700143245004000160260002600200300002900226500001000255650001700265INLIS00000000000347220241224112729241224||||||||| | ||| |||| || |  a979-24-5624-4 0010-1224003472 aid0 a634 a634 NEN p0 aNeni Suhaeni00aPetunjuk Praktis Menanam Jambu Mete aBandungbJembarc2007 a40 hlm. : ilus, ; 20 cm. aCet.1 0aIlmu Terapan